000 00734nas a2200229 4500
001 BR2014000530
003 BR-BrBNA
005 20231205123625.0
007 ta
008 230509b bl.|||p| |||| 00| 00por d
040 _aBR-BrBNA
_bpor
_cBiblioteca Nacional de Agricultura
041 _a(Pt)
072 _aL60
100 1 _aDelfina, M.C.
100 1 _aTeston, J.A.
245 1 _aArctiinae (Lepidoptera, Arctiidae)ocorrentes em uma área de pastagem na Amazônia Oriental em Altamira, Pará, Brasil
650 _aBIODIVERSIDADE
650 _aTAXONOMIA
773 0 _tActa Amazônica (Brazil)
_xISSN 0044-5967
_g(Mar 2013), v. 43(1) p. 83-92
_wBR2014000530
909 _a202311
_bLúcia
_c55
_dLúcia Elande
942 _2AGRIS
_n0
_cANA
999 _c234850
_d234850